Nazioni Vincitrici Australian Open - Singolare femminile - Statistics

Statistiche generali
  • Questo quiz è stato fatto 3 volte
  • Il punteggio medio è 13 su 14
Statistiche sulle risposte
Continente Numero titoli Nazione % Corretto
Oceania 11 Australia
100%
Europa 2 Belgio
100%
Europa 2 Cecoslovacchia / Repubblica Ceca
100%
Asia 1 Cina
100%
Europa 2 Francia
100%
Europa 5 Germania Ovest / Germania
100%
Asia 2 Giappone
100%
Europa 3 Jugoslavia / Serbia
100%
Europa 1 Regno Unito
100%
Asia / Europa 1 Russia
100%
America del Nord 18 Stati Uniti
100%
Europa 3 Svizzera
100%
Europa 1 Danimarca
67%
Europa 2 Bielorussia
33%
Nessun quiz corrispondente trovato
Distribuzione punteggi
Percentuale di utenti per punteggio
Percentile per numero di risposta
I tuoi punteggi nel tempo
Non hai fatto questo quiz